000 00638nam a2200205Ia 4500
001 8520
003 GE_BSU
008 181216s||||||||xx |||||||||||||| ||und||
040 _cGE_BSU
080 _a821.353.1-1
100 _aვარდოშვილი,ხარიტონ
245 _aრჩეული. ლექსები
245 _cრედ. გ. ციცქიშვილი
260 _aთბილისი
260 _bსაბჭოთა მწერალი
260 _c1959
300 _a237გვ.1ფ.პორტრ.19სმ.
653 _aრჩეული. ლექსები
942 _cBK
999 _c41837
_d41837